| 000 | 00477nam a2200181Ia 4500 | ||
|---|---|---|---|
| 001 | 708 | ||
| 005 | 20260306140537.0 | ||
| 008 | 260306t2015||||xx |||||||||||||| ||spa|| | ||
| 041 | _aESP | ||
| 082 |
_a142.7 _bR749 |
||
| 100 |
_aRizo-Patrón de Lerner, Rosemary _eAUT |
||
| 245 | 0 |
_aLa agonía de la razón : _breflexiones desde la fenomenología práctica |
|
| 260 | _c2015 | ||
| 300 |
_a399 páginas : _c21 cm. |
||
| 650 | _aGEN | ||
| 654 | _aCHU | ||
| 942 |
_cLIB _dJUS _fJUS _2ddc _n |
||
| 999 |
_c708 _d708 |
||